000
00247 a2200097 4500
001
52098
100
_a
Levens A
245
_a
Developments in composite Materials (Vol-I)
260
_a
London
_b
Applied Science Publishers
_c
090
_c
32828
_d
32828
942
_a
NUST-CAE
_c
M
_c
25367
999
_c
287171
_d
287171